LDR 00594nam a2200169 i 4500 001 000000258123 003 CaOOAMICUS 005 20180413000000.0 008 180413s1848 xx u000 u eng u 013 $a237031 040 $aSeMil$bita 245 10$aVol. 3. 300 $a466 p. 773 0 $aMacaulay, Thomas Babington <1800-1859>$tCritical and historical essays.$b5. Ed.$dLondon : Longman, Brown, Green, and Longmans, 1848.$g3$w()5259 850 $aSeMil 852 $aSeMil$W1$xVenegono$y1$m3T V 40 FA$j208469$B208469$CSeMilBibl$Z2$F222103 $8I 996 $6245$aVol. 3$9(OLS)http://semarc/title/80712